00680nam a2200229Ia 4500003000400000005001700004008004100021020002900062040001700091082002100108100001900129245011300148250001100261260003000272300003400302500001900336650001500355650001300370653001100383700003500394700002100429IIN20251124121041.0231217s9999 xx 000 0 und d cRs.595.00a9788131255377 aIINbEnglish a616.07 bSHA1 aSharma, Sonal 1 aTextbook of Pathology & Genetics for Nursescby Sonal Sharma, Geetika Khanna Bhattacharya and S. D. Gangane  a2nd ed bElsevieraNew Delhic2019 aviii, 442 p.bill.; Paperback aIncludes Index1 aPathology 1 aGenetics1 aPharma1 aBhattacharya , Geetika Khanna 1 aGangane, S. D.